| 000 | 00606cam a2200217 4500500 | ||
|---|---|---|---|
| 005 | 20260405001647.0 | ||
| 041 | _afre | ||
| 042 | _adc | ||
| 100 | 1 | 0 |
_aPortevin, Catherine _eauthor |
| 245 | 0 | 0 | _aEsprit d’hiver |
| 260 | _c2013. | ||
| 500 | _a97 | ||
| 690 | _aHiver | ||
| 690 | _aHuis clos | ||
| 690 | _aLaura Kasischke | ||
| 690 | _aMartin Legros | ||
| 690 | _aroman | ||
| 690 | _aTerreur | ||
| 786 | 0 | _nPhilosophie magazine | 75 | 12 | 2013-12-01 | p. 82-82 | 1951-1787 | |
| 856 | 4 | 1 | _uhttps://shs.cairn.info/magazine-philosophie-magazine-2013-12-page-82?lang=fr&redirect-ssocas=7080 |
| 999 |
_c2049795 _d2049795 |
||